LEADER 01219nam a2200265 i 4500 001 000000140778 003 CaOOAMICUS 005 20050628000000.0 008 050628s1967 it u000 u ita u 013 $a114979 040 $aSeMil$bita 100 1 $aTawney, Richard H.$0(OLS)http://semarc/name/56709 240 10$aReligion and the rise of capitalism :$ban historical study.$0(OLS)http://semarc/title/205704 245 13$aLa religione e la genesi del capitalismo :$bstudio storico /$cRichard H. Tawney ; nota introduttiva di Charles Gore. 260 $aMilano :$bFeltrinelli,$cstampa 1967. 300 $a263 p. ;$c20 cm. 490 0 $aSC/10 ;$v15 650 4$aCapitalismo - Storia.$0(OLS)http://semarc/subject/6805 650 4$aFede e economia.$0(OLS)http://semarc/subject/23923 700 1 $aGore, Charles .$0(OLS)http://semarc/name/23803 830 0$aSC/10 ;$v15.$0(OLS)http://semarc/title/6592 850 $aSeMil 852 $aSeMil$W1$xVenegono$y1$m2R I 328$j94081$B94081$CSeMilBibl$Z2$F99514 $81 996 $6245$aLa religione e la genesi del capitalismo :$bstudio storico$9(OLS)http://semarc/title/205703 996 $6260$aMilano :$bFeltrinelli$9(OLS)http://semarc/publisher/30237 LEADER 01028nam a2200265 i 4500 001 000000127461 003 CaOOAMICUS 005 20070717000000.0 008 070717s2000 sp u000 u spa u 013 $a100171 020 $a84-313-1807-4 040 $aSeMil$bita 100 1 $aRodríguez Almenar, Jorge Manuel.$0(OLS)http://semarc/name/52437 245 13$aEl Sudario de Oviedo /$cJorge Manuel Rodríguez Almenar. 260 $aPamplona :$bEUNSA,$cCopyr. 2000. 300 $a134 p. :$bricc. ill. ;$c28 cm. 500 $aFondo card. C.M. Martini. 650 4$aGesů Cristo - Reliquie - Sudario di Oviedo.$0(OLS)http://semarc/subject/24628 850 $aSeMil 852 $aSeMil$W1$xVenegono$y1$m3P V 340$j81759$B81759$CSeMilBibl$Z2$F127306 $81 941 1 $a4 961 $aOmaggio: Martini Card. Carlo Maria 996 $6020$a84-313-1807-4$9(OLS)http://semarc/number/113899 996 $6245$aEl Sudario de Oviedo$9(OLS)http://semarc/title/188131 996 $6260$aPamplona :$bEUNSA$9(OLS)http://semarc/publisher/30130